000 00310nam a22001457a 4500
008 210518b ||||| |||| 00| 0 eng d
020 _a9780984278411
041 _aeng
080 _a94
082 _a94
100 _a16
101 _aSHH
245 _aThe American Triumvirate
_cBerges,S
942 _2udc
_cBK
999 _c57437
_d57437